Match Flag to Country Capital - Statistics

General Stats
  • This quiz has been taken 35 times
  • The average score is 51 of 196
Answer Stats
Picture Answer % Correct
London
100%
Canberra
79%
Ottawa
79%
Moscow
76%
Dublin
72%
Paris
72%
Rome
72%
Wellington
72%
Amsterdam
66%
Athens
66%
Seoul
66%
Stockholm
66%
Tokyo
66%
Beijing
62%
Brasilia
62%
Helsinki
62%
Jerusalem
62%
Sofia
62%
Bern
59%
Copenhagen
59%
Oslo
59%
Brussels
55%
Budapest
55%
Dhaka
55%
Reykjavik
55%
Beirut
52%
Berlin
52%
Cairo
52%
Hanoi
52%
Islamabad
52%
Kathmandu
52%
Mexico City
52%
New Delhi
52%
Pretoria
52%
Algiers
48%
Ankara
48%
Kingston
48%
Kuala Lumpur
48%
Madrid
48%
Nairobi
48%
Nicosia
48%
Singapore
48%
Tirana
48%
Vienna
48%
Damascus
45%
Jakarta
45%
Riyadh
45%
Thimphu
45%
Tunis
45%
Valetta
45%
Warsaw
45%
Monaco
41%
San Marino
41%
Santo Domingo
41%
Abu Dhabi
38%
Baku
38%
Buenos Aires
38%
Lima
38%
Port Moresby
38%
Pristina
38%
Washinton DC
38%
Amman
34%
Antananarivo
34%
Bridgetown
34%
Juba
34%
Kinshasa
34%
Male
34%
Muscat
34%
Tehran
34%
Ashgabat
31%
Manila
31%
Mbabane
31%
Naypyidaw
31%
Niamey
31%
Prague
31%
Sanaa
31%
Tashkent
31%
Tripoli
31%
Havana
28%
Montevideo
28%
Ngerulmud
28%
Pyongyang
28%
Skopje
28%
Tblisi
28%
Yamoussoukro
28%
Astana
24%
Caracas
24%
Moroni
24%
Nouakchott
24%
Panama City
24%
Santiago
24%
Sarajevo
24%
Taipei
24%
Windhoek
24%
Yaounde
24%
Bagdad
21%
Bangkok
21%
Belgrade
21%
Djibouti
21%
Khartoum
21%
Kigali
21%
Libreville
21%
Nuku'alofa
21%
Vaduz
21%
Bandar seri Begawan
17%
Belmopan
17%
Brazzaville
17%
Dili
17%
Dodoma
17%
Dushanbe
17%
Georgetown
17%
Lilongwe
17%
Luxembourg
17%
Minsk
17%
Nassau
17%
Sao Tome
17%
St John's
17%
Vientiane
17%
Zagreb
17%
Asmara
14%
Bratislava
14%
Kabul
14%
Majuro
14%
Malabo
14%
Monrovia
14%
Phnom Penh
14%
Port Au Prince
14%
South Tarawa
14%
Tegucigalpa
14%
Victoria
14%
Yaren
14%
Apia
10%
Asuncion
10%
Basseterre
10%
Hararre
10%
Maputo
10%
Mogadishu
10%
Port of Spain
10%
Port Vila
10%
Praia
10%
San Jose
10%
Talinn
10%
Gitega
7%
Kampala
7%
Ljubljana
7%
Luanda
7%
Manama
7%
Palikir
7%
Rabat
7%
Riga
7%
Roseau
7%
Abuja
3%
Accra
3%
Andorra La Vella
3%
Bishkek
3%
Bogota
3%
Bucharest
3%
Castries
3%
Chisinau
3%
Doha
3%
Freetown
3%
Guatemala City
3%
Kiev
3%
Lisbon
3%
Managua
3%
Maseru
3%
Podgorica
3%
Quito
3%
Ulaanbaatar
3%
Adis Ababa
0%
Bamako
0%
Bangui
0%
Banjul
0%
Bissau
0%
Colombo
0%
Conakry
0%
Dakar
0%
Funafuti
0%
Gabarone
0%
Honiara
0%
Kingstown
0%
Kuwaity City
0%
La Paz
0%
Lome
0%
Lusaka
0%
Ndjamena
0%
Ouagoudougou
0%
Paramaribo
0%
Port Louis
0%
Porto Novo
0%
San Salvador
0%
St George
0%
Suva
0%
Vativan City
0%
Vilnius
0%
Yeravan
0%
No matching quizzes found
Score Distribution
Percent of People with Each Score
Percentile by Number Answered
Your Score History
You have not taken this quiz